| 000 | 00787naa a22002297u 4500 | ||
|---|---|---|---|
| 001 | 17647 | ||
| 003 | HDC | ||
| 007 | cr bn ---aaaaa | ||
| 008 | 210224t200903 xx 000 0 eng | ||
| 040 | _aHDC | ||
| 245 | 0 | _aHalal skincare range specially formulated for the people of the world | |
| 260 |
_a[No place] : _b[publisher not identified], _c[no year] |
||
| 336 |
_atext _2rdacontent |
||
| 337 |
_acomputer _2rdamedia |
||
| 338 |
_aonline resource _2rdacarrier |
||
| 650 |
_aBeauty, Personal _91494 |
||
| 650 |
_aSkin _xCare and hygiene _91493 |
||
| 856 | _zRequest full-text at [email protected] | ||
| 942 | _2lcc | ||
| 942 | _cEIJ | ||
| 942 | _kEMAG 000625 | ||
| 999 |
_c14963 _d14963 |
||